header

Dying for faith (Record no. 104696)

MARC details
000 -LEADER
fixed length control field 01629nam a2200409 a 4500
082 04 - DEWEY DECIMAL CLASSIFICATION NUMBER
Classification number 201.76332
245 00 - TITLE STATEMENT
Title Dying for faith
260 ## - PUBLICATION, DISTRIBUTION, ETC. (IMPRINT)
Place of publication London ;
-- New York :
Name of publisher I.B. Tauris ;
Place of publication New York :
Name of publisher Distributed in the USA by Palgrave Macmillan,
Year of publication 2009.
300 ## - PHYSICAL DESCRIPTION
Number of Pages xxx, 222 p. :
Other physical details ill.
490 1# - SERIES STATEMENT
Series statement Library of modern religion ;
650 #0 - SUBJECT ADDED ENTRY--TOPICAL TERM
Topical Term Violence
Topical Term Terrorism
Topical Term Martyrdom.
700 1# - ADDED ENTRY--PERSONAL NAME
Personal name Al-Rasheed, Madawi.
Personal name Shterin, Marat.
856 40 - ELECTRONIC LOCATION AND ACCESS
Uniform Resource Identifier http://site.ebrary.com/lib/rucke/Doc?id=10359176

No items available.

© 2026 Rongo University
Contact us: librarian | system librarian | Rongo university